000 00261nam a22001217a 4500
008 170615b xxu||||| |||| 00| 0 eng d
041 _aeng
080 _a324
100 _a19
101 _aSHP
245 _aELECTIONS IN AMERICA
_cPOMPER.G.M
942 _2udc
_cBK
999 _c17490
_d17490